Greenwashing culture /

Bibliographic Details
Main Author: Miller, Toby (Author)
Corporate Author: Taylor & Francis
Format: eBook
Language:English
Published: Abingdon, Oxon ; New York, NY : Routledge, Taylor & Francis Group, 2018.
Subjects:
Online Access:Connect to the full text of this electronic book

MARC

Tag First Indicator Second Indicator Subfields
LEADER 00000cam a22000001i 4500
001 in00003895430
005 20190416172643.0
006 m |o d |
007 cr |n|||||||||
008 171106t20182018nyua ob 001 0 eng d
020 |a 9781315659251 (electronic bk.) 
020 |a 1315659255 (electronic bk.) 
020 |z 9781138962705 
020 |z 1138962708 
020 |z 9781138962712 
020 |z 1138962716 
024 8 |a 40027575840 
035 |a (NhCcYBP)ybp14810183 
040 |a NhCcYBP  |c NhCcYBP  |d UtOrBLW 
050 4 |a GE195  |b .M5497 2018 
082 0 4 |a 304.2/8  |2 23 
100 1 |a Miller, Toby,  |e author.  |0 http://id.loc.gov/authorities/names/nb2012017171 
245 1 0 |a Greenwashing culture /  |c Toby Miller. 
264 1 |a Abingdon, Oxon ;  |a New York, NY :  |b Routledge, Taylor & Francis Group,  |c 2018. 
264 4 |c ©2018 
300 |a 1 online resource. 
336 |a text  |b txt  |2 rdacontent 
337 |a computer  |b c  |2 rdamedia 
338 |a online resource  |b cr  |2 rdacarrier 
504 |a Includes bibliographical references (pages 107-132) and index. 
588 |a Description based on print version record. 
500 |a Electronic resource. 
650 0 |a Environmentalism.  |0 http://id.loc.gov/authorities/subjects/sh93004752 
650 0 |a Environmental sociology.  |0 http://id.loc.gov/authorities/subjects/sh2009010555 
650 0 |a Culture.  |0 http://id.loc.gov/authorities/subjects/sh85034755 
655 7 |a Electronic books.  |2 local 
710 2 |a Taylor & Francis.  |0 http://id.loc.gov/authorities/names/n84073022 
776 1 8 |c Original  |z 9781138962705  |z 1138962708  |z 9781138962712  |z 1138962716  |w (DLC) 2017012190 
856 4 0 |u http://proxy.library.tamu.edu/login?url=https://www.taylorfrancis.com/books/9781315659251  |z Connect to the full text of this electronic book  |t 0 
955 |a YBP purchased approval e-records 
980 |b 150.00  |g 1 
999 f f |s 19f0e888-c8f5-3c5c-8181-709732d1e236  |i e7ef23fc-5372-344e-bfa6-0164a9208f54  |t 0 
952 f f |a Texas A&M University  |b College Station  |c Electronic Resources  |d Available Online  |t 0  |e GE195 .M5497 2018  |h Library of Congress classification 
998 f f |a GE195 .M5497 2018  |t 0  |l Available Online